| 000 | 01114nac a22003137a 4500 | ||
|---|---|---|---|
| 001 | BR7405920 | ||
| 003 | BR-BrBNA | ||
| 005 | 20240105113807.0 | ||
| 008 | 230509b bl.|||m| |||| 00| 0 por d | ||
| 040 |
_aBR-BrBNA _bpor _cBiblioteca Nacional de Agricultura |
||
| 072 | _aE70 | ||
| 090 | _aE70 BR7405920 | ||
| 100 | 1 | _aValentini, R. | |
| 110 | 1 |
_aUniversidade de Sao Paulo, Sao Paulo (Brasil). Inst. de Pesquisas Economicas _910549 |
|
| 245 | 1 | _aTecnologia e comercio internacional de produtos agricolas [Desenvolvimento comercial; Exportacao; Importacao; Politica comercial] | |
| 260 | 3 |
_aSao Paulo, SP (Brasil): _c[nd]. |
|
| 300 | _a12 p. | ||
| 490 |
_aTrabalho para Discussao - Universidade de Sao Paulo. Inst. de Pesquisas Economicas (Brazil) _vno. 22 _x |
||
| 500 | _aPublished after 1974 | ||
| 650 | _aComercializacao | ||
| 650 | _aComercio exterior | ||
| 650 | _aDesenvolvimento comercial | ||
| 650 | _aExportacao | ||
| 650 | _aImportacao | ||
| 650 | _aMercado internacional | ||
| 650 | _aPolitica comercial | ||
| 909 |
_a202312 _bLúcia Elande _c55 _dLúcia Elande |
||
| 942 |
_2AGRIS _n0 _cMS |
||
| 999 |
_c265612 _d265612 |
||